000
00368nam a2200133Ia 4500
008
151001s9999||||xx |||||||||||||| ||und||
100
_a
बिमान बसू
245
_a
मानव कि कहाणी
250
_a
1
260
_b
नशनल बुक ट्रस्ट मुंबई
260
_c
2000
300
_a
80
365
_b
21
999
_c
978079
_d
978076